Las llamadas afasias infantiles
Wedi'i Gadw mewn:
| Prif Awdur: | |
|---|---|
| Fformat: | Llyfr |
| Iaith: | Sbaeneg |
| Cyhoeddwyd: |
Buenos Aires
Médica Panamericana
1975
|
| Rhifyn: | 2a. ed |
| Cyfres: | Serie del Centro Médico de Investigaciones Foniátricas y Audiológicas, 4
|
| Pynciau: | |
| Tagiau: |
Ychwanegu Tag
Dim Tagiau, Byddwch y cyntaf i dagio'r cofnod hwn!
|
MARC
| LEADER | 00000nam a2200000 a 4500 | ||
|---|---|---|---|
| 001 | UCZ0662 | ||
| 003 | CL-VaPUC | ||
| 008 | 950809e19750000AG |||||||||||||||||spa|d | ||
| 082 | 0 | 4 | |a 616.855 |b QUI |2 21 |
| 100 | 0 | |a Quirós, Julio Bernaldo de |e author |9 343720 | |
| 245 | 1 | 4 | |a Las llamadas afasias infantiles |
| 250 | |a 2a. ed | ||
| 300 | |a 174 p | ||
| 942 | |c BK | ||
| 945 | |d 19950809 00:00:00 |a mfernand | ||
| 260 | |a Buenos Aires |b Médica Panamericana |c 1975 | ||
| 650 | 7 | |a TRASTORNOS DEL HABLA |2 CL-VaPUC |9 309440 | |
| 650 | 0 | |a Afasia |9 310673 | |
| 650 | 0 | |a Psicolingüística |9 283371 | |
| 650 | 0 | |a Terapia |9 334442 | |
| 650 | 7 | |a SORDERA |2 CL-VaPUC |9 311920 | |
| 650 | 0 | |a Fonología |9 341074 | |
| 650 | 0 | |a Desarrollo del lenguaje |9 311270 | |
| 583 | |a last modification |c 19950809 00:00:00 |k Rodrigo Vera | ||
| 490 | 0 | |a Serie del Centro Médico de Investigaciones Foniátricas y Audiológicas, 4 | |
| 999 | |c 237574 |d 237572 | ||
| 952 | |0 0 |1 0 |4 0 |6 616_855000000000000_QUI_1975 |7 0 |8 P |9 246905 |a BIBEDU |b BIBEDU |c BIBEDU_PB |d 2019-11-18 |i 1553690 |o 616.855 QUI 1975 |p 1553690 |r 2019-11-18 |w 2019-11-18 |y BK |k EDU | ||